Vice-Campeões da UEFA Champions League - Statistics

Estatísticas Gerais
  • Esse quiz foi jogado 503 vezes
  • A pontuação média é 57 de 64
Estatísticas das Respostas
Edição Cidade, País Clube % Correto
1957-58 MIlão, Itália Milan
99%
1992-93 Milão, Itália Milan
99%
1994-95 Milão, Itália Milan
99%
2004-05 Milão, Itália Milan
99%
1960-61 Barcelona, Espanha Barcelona
98%
1985-86 Barcelona, Espanha Barcelona
98%
1993-94 Barcelona, Espanha Barcelona
98%
1966-67 Milão, Itália Internazionale
97%
1971-72 Milão, Itália Internazionale
97%
1996-97 Turim, Itália Juventus
97%
1984-85 Liverpool, Inglaterra Liverpool
97%
2006-07 Liverpool, Inglaterra Liverpool
97%
2017-18 Liverpool, Inglaterra Liverpool
97%
1961-62 Madri, Espanha Real Madrid
97%
1963-64 Madri, Espanha Real Madrid
97%
1980-81 Madri, Espanha Real Madrid
97%
1962-63 Lisboa, Portugal Benfica
96%
1964-65 Lisboa, Portugal Benfica
96%
1967-68 Lisboa, Portugal Benfica
96%
1987-88 Lisboa, Portugal Benfica
96%
1989-90 Lisboa, Portugal Benfica
96%
1973-74 Madri, Espanha Atlético de Madrid
95%
2013-14 Madri, Espanha Atlético de Madrid
95%
2015-16 Madri, Espanha Atlético de Madrid
95%
2008-09 Manchester, Inglaterra Manchester United
95%
1968-69 Amsterdã, Países Baixos Ajax
94%
1995-96 Amsterdã, Países Baixos Ajax
94%
2012-13 Dortmund, Alemanha Borussia Dortmund
94%
2010-11 Manchester, Inglaterra Manchester United
94%
2007-08 Londres, Inglaterra Chelsea
93%
1981-82 Munique, Alemanha Bayern de Munique
91%
1986-87 Munique, Alemanha Bayern de Munique
91%
1998-99 Munique, Alemanha Bayern de Munique
91%
2009-10 Munique, Alemanha Bayern de Munique
91%
2011-12 Munique, Alemanha Bayern de Munique
91%
1999-00 Valência, Espanha Valencia
90%
2000-01 Valência, Espanha Valencia
90%
2005-06 Londres, Inglaterra Arsenal
89%
1972-73 Turim, Itália Juventus
89%
1982-83 Turim, Itália Juventus
89%
1997-98 Turim, Itália Juventus
89%
2002-03 Turim, Itália Juventus
89%
2014-15 Turim, Itália Juventus
89%
2016-17 Turim, Itália Juventus
89%
2003-04 Mônaco, Mônaco Monaco
89%
1983-84 Roma, Itália Roma
89%
2018-19 Londres, Inglaterra Tottenham
89%
2001-02 Leverkusen, Alemanha Bayer Leverkusen
88%
1979-80 Hamburgo, Alemanha Hamburger SV
88%
1955-56 Reims, França Stade de Reims
86%
1958-59 Reims, França Stade de Reims
86%
1978-79 Malmö, Suécia Malmö FF
85%
1990-91 Marselha, França Olympique de Marselha
85%
1959-60 Frankfurt, Alemanha Eintracht Frankfurt
84%
1975-76 Saint-Étienne, França Saint-Étienne
83%
1976-77 Mönchengladbach, Alemanha Borussia Mönchengladbach
82%
1969-70 Glasgow, Escócia Celtic
82%
1956-57 Florença, Itália Fiorentina
81%
1977-78 Bruges, Bélgica Club Brugge
77%
1974-75 Leeds, Inglaterra Leeds United
74%
1988-89 Bucareste, Romênia Steaua Bucareste
71%
1970-71 Atenas, Grécia Panathinaikos
56%
1991-92 Gênova, Itália Sampdoria
54%
1965-66 Belgrado, Iugoslávia Partizan
47%
Nenhum quiz correspondente encontrado
Distribuição das Pontuações
Porcentagem de Pessoas com Cada Pontuação
Percentil de Números Respondidos
Sua Pontuação Histórica
Você não jogou esse quiz